000 05705nam a22011297a 4500
003 PE-LiUPU
005 20260324091849.0
008 230927b |||||||| |||| 00| 0 spa d
020 _a9786124799792
040 _aPE-LiUPU
_bspa
_cPE-LiUPU
_erda
082 _223
_a340.7
_bS687m
100 _aSolís Espinoza, Alejandro.
_92703
_eautor.
245 _aMetodología de la investigación jurídico social /
_cAlejandro Solís Espinoza.
250 _aCuarta edición
264 _aLima :
_bSan Bernardo Libros Jurídicos EIRL.,
_c2022.
300 _a359 páginas :
_bIlustraciones, diagramas,
_c21 centímetros.
504 _aIncluye referencias bibliográficas.
505 _aEl conocimiento y la ciencia -- El conocimiento y sus niveles -- El conocimiento -- Niveles del conocimiento -- La ciencia y el derecho -- Noción y clasificación de la ciencia -- Características de la ciencia -- Teoría y ley científica -- ¿Es ciencia el conocimiento jurídico? -- Referencias bibliográficas -- La investigación científica y sus métodos -- Investigación y objeto del saber científico -- La investigación científica -- Objeto del conocimiento científico -- Objeto de la investigación jurídica -- La investigación jurídico-normativa -- La investigación jurídico-social -- Investigación criminológica y penitenciaria -- Los métodos -- Nociones de método -- Los métodos de aprendizaje o estudio -- Métodos y técnicas de enseñanza -- Métodos y técnicas de investigación científica -- Nociones de método científico -- Método científico como estrategia general de investigación -- Métodos y técnicas de recolección, tratamiento e interpretación de datos -- Referencias bibliográficas -- Tipos de investigación científica -- La investigación pura y la investigación aplicada -- La investigación científica aplicada o tecnológica -- La investigación científica pura -- Clases de investigación según los métodos o perspectivas de estudio -- Diseños cuantitativos de investigación -- Investigación exploratoria o formulativa -- Investigación descriptiva u observacional -- Investigación o estudio causal-comparativo -- Investigación experimental -- Referencias bibliográficas -- Fases o etapas de la investigación científica -- El proceso de la investigación y sus etapas -- Delimitación del tema y el problema de investigación -- El tema de la investigación -- Delimitación del problema -- Objetivos de la investigación -- El marco teórico -- Fuentes del marco teórico -- Partes del marco teórico -- Organización del marco teórico -- Hipótesis y variables -- Concepto, fuentes y clases de hipótesis -- Las variables -- El universo y la muestra -- Población o universo y unidad de análisis -- Muestra y muestreo -- Selección de técnicas para el recojo de datos -- Datos y fuentes -- Técnica de la observación -- La encuesta (y el cuestionario) -- La entrevista -- Entrevista de grupo o grupo de discusión -- Escalas -- Recopilación o análisis documental -- Otras técnicas -- Recogida de datos y procesamiento de la información -- Recogida de datos -- Procesamiento o elaboración de la información recogida -- Análisis e interpretación de los datos -- Análisis de los datos -- Interpretación de los datos -- Referencias bibliográficas -- El informe de la investigación -- Criterios generales -- Recomendaciones previas a la elaboración del informe -- Forma de presentación del informe -- Informe para revistas o eventos -- Propuesta de Selltiz -- Esquema de la APA -- Modelo seguido por Arias Galicia -- Informe en forma de tesis o libros -- Modelo adoptado por Best -- Modelo de Borg y Gall -- Modelo seguido por Pick y López -- Modelo propuesto por Hernández, Fernández y Baptista -- Guía de un informe de tesis.
526 _aP202
526 _aP201
526 _aP163
526 _aP162
526 _aP161
526 _aP160
526 _aP148
526 _aP147
526 _aP146
526 _aP145
526 _aP144
526 _aP143
526 _aP142
526 _aP141
526 _aP140
526 _aP139
526 _aP138
526 _aP137
526 _aP136
526 _aP135
526 _aP134
526 _aP133
526 _aP129
526 _aP128
526 _aP127
526 _aP120
526 _aP119
526 _aP118
526 _aP116
526 _aP115
526 _aP114
526 _aP110
526 _aP109
526 _aP108
526 _aP104
526 _aP103
526 _aP102
526 _aP99
526 _aP98
526 _aP97
526 _aP96
526 _aP95
526 _aP93
526 _aP90
526 _aP89
526 _aP88
526 _aP83
526 _aP82
526 _aP62
526 _aP59
526 _aP58
526 _aP57
526 _aP51
526 _aP49
526 _aP48
526 _aP47
526 _aP29
526 _aP24
526 _aP20
526 _aP19
526 _aP17
526 _aP15
526 _aP14
526 _aP12
526 _aP10
526 _aP09
526 _aP08
526 _aP07
526 _aP06
526 _aP05
526 _aP04
526 _aP01
556 _aE001-106-10444184961
_z9786124799792
650 1 4 _aDerecho
_xInvestigación.
_92704
650 2 4 _aCiencias sociales
_xInvestigación
_xMetodología.
_92705
942 _2ddc
_cBK
_n0
980 _621515
_aDIGNA BRAÑES Analista Documental
_818226
_gJaime Vilcazán Jefe de Análisis Documental
999 _c62006
_d62006